[Event "Departementale Loire"]
[Site "?"]
[Date "2004.03.28"]
[Round "4"]
[White "Simon, Joel"]
[Black "Clement, Paul"]
[Result "0-1"]
[WhiteElo "1620"]
[BlackElo "1900"]
[PlyCount "90"]

1. d4 Nf6 2. Nc3 d5 3. e4 dxe4 4. f3 e3 5. Bxe3 e6 6. Bd3 Bb4 7. Nge2 Nd5 8.
Bd2 Bxc3 9. Nxc3 Qh4+ 10. g3 Qxd4 11. Nxd5 Qxd5 12. Qe2 Nd7 13. Bc4 Qe5 14.
O-O-O Qxe2 15. Bxe2 O-O 16. Bc3 Nb6 17. Rd4 Nd5 18. Rhd1 Nxc3 19. bxc3 e5 20.
Rh4 Be6 21. Bc4 Rae8 22. Re1 Bxc4 23. Rxc4 Re7 24. f4 f6 25. Rce4 Rfe8 26. h4
Kf7 27. f5 Rd7 28. R1e2 Red8 29. g4 Rd1+ 30. Kb2 R8d2 31. h5 Rxe2 32. Rxe2 h6
33. Re3 Ke7 34. c4 c5 35. c3 Rd2+ 36. Kb3 Rf2 37. Re1 Rf4 38. Rg1 Re4 39. a3
Re2 40. Ka4 Kd7 41. Kb5 b6 42. Ka6 Ra2 43. Kxa7 Kc7 44. Ka6 Rxa3+ 45. Kb5 Ra5#
0-1

[Event "Departementale Loire"]
[Site "?"]
[Date "2004.03.28"]
[Round "4"]
[White "Pignatelli, David"]
[Black "Pareux, Marc"]
[Result "1-0"]
[WhiteElo "1499"]
[BlackElo "1540"]
[PlyCount "71"]

1. d4 g6 2. e4 Bg7 3. c4 Nc6 4. Nf3 e5 5. d5 Nd4 6. Nxd4 exd4 7. Nd2 c5 8. Nf3
d6 9. Bf4 Qe7 10. Bd3 Nf6 11. O-O O-O 12. Re1 Nh5 13. Qd2 Nxf4 14. Qxf4 f6 15.
Qh4 Bd7 16. e5 dxe5 17. Nxe5 Qd6 18. Nxg6 f5 19. Ne7+ Kh8 20. Qh5 Qf6 21. g4
Bh6 22. h3 Rf7 23. Nxf5 Bxf5 24. Bxf5 Rg8 25. Re6 Qxf5 26. Qxf5 Rxf5 27. Rxh6
Re5 28. Re6 Re8 29. f4 R5xe6 30. dxe6 Rxe6 31. f5 Re3 32. Rf1 Kg8 33. g5 Kg7
34. Kg2 Re2+ 35. Kf3 Re5 36. Rg1 1-0

[Event "Departementale Loire"]
[Site "?"]
[Date "2004.03.28"]
[Round "4"]
[White "Vaughan, Luiz"]
[Black "Fuster, Pierre"]
[Result "0-1"]
[WhiteElo "1499"]
[BlackElo "1900"]
[PlyCount "44"]

1. d4 d5 2. e3 Nf6 3. Nf3 Bf5 4. Nbd2 e6 5. Nh4 Bg4 6. f3 Bh5 7. g4 Nxg4 8. Ng2
Nf6 9. Bd3 Bd6 10. Nf1 Nbd7 11. Bd2 c5 12. c3 O-O 13. Qe2 cxd4 14. exd4 Re8 15.
O-O-O e5 16. Qf2 e4 17. Be2 Bg6 18. Bf4 Qc7 19. Be5 Nxe5 20. dxe5 Bxe5 21. f4
Bxc3 22. bxc3 Qxc3+ 0-1

[Event "Departementale Loire"]
[Site "?"]
[Date "2004.03.28"]
[Round "4"]
[White "Roche, Marius"]
[Black "Celette, Robert"]
[Result "1/2-1/2"]
[WhiteElo "1700"]
[BlackElo "2080"]
[PlyCount "110"]

1. Nf3 c5 2. g3 d5 3. d4 cxd4 4. Nxd4 e5 5. Nb3 Nf6 6. Bg2 Bb4+ 7. c3 Be7 8.
Bg5 Be6 9. c4 Bb4+ 10. Kf1 e4 11. a3 Be7 12. Nc3 dxc4 13. Qxd8+ Bxd8 14. Bxf6
Bxf6 15. Bxe4 Nc6 16. Nc5 Bh3+ 17. Ke1 O-O-O 18. Bxc6 bxc6 19. N5e4 Be7 20. Nd2
Be6 21. h3 Rd7 22. Rd1 Rb7 23. Rb1 f5 24. e3 Rd8 25. Ke2 Rbd7 26. Rhd1 g5 27.
Nf3 Bf6 28. Rxd7 Rxd7 29. e4 Bxc3 30. bxc3 fxe4 31. Nxg5 Bf5 32. g4 Bg6 33. Ne6
Rd3 34. Nf4 Rxc3 35. Nxg6 hxg6 36. h4 Rxa3 37. Rh1 Rd3 38. h5 gxh5 39. gxh5 Rd7
40. h6 Rh7 41. Kd2 Kd7 42. Kc3 Ke6 43. Kxc4 Kf5 44. Rh4 Kg5 45. Rxe4 Rxh6 46.
Kc5 Rf6 47. Ra4 Rxf2 48. Rxa7 Rc2+ 49. Kd4 Kf6 50. Kd3 Rc5 51. Rh7 Ke6 52. Rh6+
Kd7 53. Rh7+ Kd6 54. Kd4 Rg5 55. Rh6+ Kc7 1/2-1/2

[Event "Departementale Loire"]
[Site "?"]
[Date "2004.03.28"]
[Round "4"]
[White "Testard, Philippe"]
[Black "Benchegra, Mohamed"]
[Result "1-0"]
[WhiteElo "2020"]
[BlackElo "1499"]
[PlyCount "121"]

1. d4 c6 2. Nf3 g6 3. c3 Bg7 4. e4 e6 5. Bd3 d6 6. O-O e5 7. Be3 Qe7 8. Re1 Be6
9. Nbd2 Nh6 10. h3 Nd7 11. Nc4 b5 12. Na5 Rc8 13. Qd2 Ng8 14. Nxc6 Rxc6 15. d5
Bxd5 16. exd5 Rc7 17. Bxb5 Ngf6 18. Rad1 O-O 19. Bg5 Qd8 20. c4 Qb8 21. b3 Nc5
22. Qa5 h6 23. Be3 Ncd7 24. Rb1 e4 25. Nd4 Ne5 26. Nc6 Nxc6 27. Bxc6 Nd7 28.
Bf4 Be5 29. Bxe5 Nxe5 30. Rxe4 Nxc6 31. dxc6 Rxc6 32. Re7 Rxc4 33. Rbe1 Rf4 34.
Qxa7 Qb4 35. g3 Rf6 36. R7e4 Qd2 37. Kg2 d5 38. R1e2 Qd1 39. Qd4 Qxd4 40. Rxd4
Rd6 41. Red2 Rfd8 42. a4 Kf8 43. b4 R8d7 44. Kf3 Ke8 45. a5 Kd8 46. b5 Kc7 47.
Ke3 Kb7 48. Kd3 Rc7 49. Rc2 Rcd7 50. Kc3 Ka7 51. Kb4 Rb7 52. Rc8 Rdd7 53. Rc5
Rd8 54. Rdxd5 Re8 55. a6 Rb6 56. Rd7+ Ka8 57. Ka5 Rf6 58. Rcc7 Rxf2 59. Ra7+
Kb8 60. Rdb7+ Kc8 61. Ra8# 1-0

[Event "Departementale Loire"]
[Site "?"]
[Date "2004.03.28"]
[Round "4"]
[White "Gregoire, Patrick"]
[Black "Chomier, Frederic"]
[Result "0-1"]
[WhiteElo "1499"]
[BlackElo "2020"]
[PlyCount "80"]

1. e4 c5 2. b3 d6 3. Bb2 Nf6 4. Bd3 Nc6 5. f4 Bg4 6. Nf3 a6 7. Nc3 Nd4 8. Nd5
e6 9. Nxf6+ Qxf6 10. h3 Bxf3 11. Bxd4 Qxd4 12. gxf3 Be7 13. h4 b5 14. Rb1 O-O
15. f5 d5 16. Qe2 c4 17. c3 Qxd3 18. Qxd3 cxd3 19. Rh3 Rad8 20. a4 d4 21. c4
bxc4 22. bxc4 exf5 23. exf5 Rb8 24. Rc1 Rfc8 25. f4 Rb3 26. Kf2 Bd6 27. Kf3 Rb2
28. Ke4 Rxd2 29. Kxd4 Bxf4 30. Rxd3 Rd8+ 31. Ke4 R2xd3 32. Kxf4 R3d4+ 33. Ke3
Rxh4 34. c5 Rxa4 35. c6 Rc8 36. c7 f6 37. Rc6 a5 38. Kd3 Rf4 39. Rc5 a4 40. Kc3
h5 0-1

[Event "Departementale Loire"]
[Site "?"]
[Date "2004.03.28"]
[Round "4"]
[White "Aumont, Georges"]
[Black "Gregoire, Michele"]
[Result "1-0"]
[WhiteElo "1860"]
[BlackElo "1499"]
[PlyCount "55"]

1. e4 e6 2. d4 d5 3. Nd2 Be7 4. Bd3 Nc6 5. Ngf3 f5 6. exd5 exd5 7. Qe2 Nf6 8.
O-O O-O 9. c3 Qd6 10. Ne5 g6 11. Ndf3 Be6 12. h3 Nd7 13. Bf4 Ncxe5 14. dxe5 Qb6
15. b4 c5 16. bxc5 Nxc5 17. Rab1 Qc7 18. Nd4 Bd7 19. Bd2 b6 20. Rfe1 Rae8 21.
Bh6 Rf7 22. e6 Nxe6 23. Nxe6 Bxe6 24. Qxe6 Qd6 25. Qxd6 Rf6 26. Qxd5+ Kh8 27.
Rxe7 Rg8 28. Qe5 1-0

[Event "Departementale Loire"]
[Site "?"]
[Date "2004.03.28"]
[Round "4"]
[White "Carrot, Patrick"]
[Black "Garon, Pierre"]
[Result "0-1"]
[WhiteElo "1740"]
[BlackElo "2009"]
[PlyCount "96"]

1. e4 c6 2. d4 d5 3. Nc3 dxe4 4. Nxe4 Nd7 5. Nf3 Ndf6 6. Nc5 b6 7. Nd3 h6 8.
Nde5 Bb7 9. Bc4 e6 10. Qe2 Qc8 11. O-O Ne7 12. Re1 Ned5 13. Bd2 Bd6 14. Bb3 O-O
15. c4 Nc7 16. c5 Be7 17. cxb6 axb6 18. Rac1 Ncd5 19. Nxf7 Rxf7 20. Qxe6 Qxe6
21. Rxe6 Bf8 22. Ne5 Rc7 23. Nxc6 Rac8 24. Rxf6 gxf6 25. Bxd5+ Kg7 26. Be6 Rxc6
27. Bxc8 Rxc1+ 28. Bxc1 Bxc8 29. f3 h5 30. Kf2 f5 31. Ke3 Kf6 32. Kd3 Bd6 33.
g3 Bb7 34. f4 Bd5 35. b3 Bb4 36. Be3 Ke6 37. Bd2 Be4+ 38. Ke3 Ba3 39. Be1 Kd5
40. Bc3 b5 41. Kd2 Bb1 42. Ba1 Ke4 43. Kc3 Kf3 44. b4 Bxa2 45. Bb2 Bxb2+ 46.
Kxb2 Bc4 47. Kc2 Kg2 48. Kd2 Kxh2 0-1

[Event "Departementale Loire"]
[Site "?"]
[Date "2004.03.28"]
[Round "4"]
[White "Mujic, Saban"]
[Black "Gaillard, Pierre"]
[Result "1-0"]
[WhiteElo "1940"]
[BlackElo "1690"]
[PlyCount "123"]

1. Nf3 d5 2. d4 Nf6 3. c4 c6 4. Nc3 g6 5. cxd5 cxd5 6. Bf4 a6 7. Qc2 Bg7 8. Rc1
Nc6 9. e3 Bf5 10. Qb3 Qd7 11. Be2 Rc8 12. O-O O-O 13. Ne5 Nxe5 14. Bxe5 e6 15.
h3 h5 16. Bxf6 Bxf6 17. g4 hxg4 18. hxg4 Be4 19. f3 Qd6 20. Kg2 Bh4 21. Nxe4
dxe4 22. f4 g5 23. Rc3 Rxc3 24. bxc3 b5 25. c4 gxf4 26. Rxf4 bxc4 27. Qxc4 Rb8
28. Kh3 Bg5 29. Rxe4 Kg7 30. Re5 Rh8+ 31. Kg2 Bxe3 32. Qc5 Qxc5 33. dxc5 Bd4
34. Re4 Bxc5 35. Bxa6 Ra8 36. Bc4 Ra4 37. Kf3 e5 38. Ke2 Bd4 39. Kd3 Ra3+ 40.
Bb3 Kg6 41. Kc4 Ra7 42. Kd5 f5 43. gxf5+ Kxf5 44. Re1 Ra5+ 45. Kc4 Kf4 46. Kd3
Ra7 47. Rf1+ Kg5 48. Ke4 Kg6 49. Be6 Ra5 50. Bd5 Ra3 51. Bb3 Ra5 52. Rf3 Kg5
53. Rg3+ Kf6 54. Rh3 Ke7 55. Rh6 Kd7 56. a4 Kc7 57. Re6 Rc5 58. Ra6 Kb7 59. Rg6
Rc1 60. Bd5+ Kc7 61. a5 Re1+ 62. Kd3 1-0

[Event "Departementale Loire"]
[Site "?"]
[Date "2004.03.28"]
[Round "4"]
[White "Montroussier, Jacques"]
[Black "Bellon, Yves"]
[Result "1-0"]
[WhiteElo "1520"]
[BlackElo "1880"]
[PlyCount "117"]

1. d4 Nf6 2. c4 c5 3. d5 e6 4. Nc3 exd5 5. cxd5 d6 6. Bg5 g6 7. e4 Bg7 8. Nf3
O-O 9. Bd3 h6 10. Bh4 g5 11. Nxg5 hxg5 12. Bxg5 a6 13. h4 Bg4 14. f3 Bd7 15.
Qd2 b5 16. h5 Re8 17. h6 Bh8 18. h7+ Kf8 19. Qf4 Bf5 20. Qxf5 Nbd7 21. O-O-O c4
22. Bc2 b4 23. Na4 Qc7 24. Bh6+ Ke7 25. e5 Nxe5 26. Bg5 b3 27. axb3 cxb3 28.
Nc3 bxc2 29. Qxc2 Qd7 30. Qe4 Kd8 31. Bxf6+ Bxf6 32. Rde1 Kc7 33. Rh6 Bg7 34.
Rh5 Rac8 35. Qb4 Rb8 36. Qa5+ Kb7 37. Qb4+ Ka8 38. Qa5 Qb7 39. b4 Nc4 40. Rxe8
Rxe8 41. Qa4 Rc8 42. b5 Nb6 43. Qxa6+ Qxa6 44. bxa6 Rxc3+ 45. Kd2 Bh8 46. Rf5
f6 47. Kxc3 Ka7 48. Kd4 Kxa6 49. Rh5 Nd7 50. Rh1 Kb7 51. Rb1+ Kc7 52. Ra1 Kb7
53. Re1 Ne5 54. f4 Ng6 55. g3 Bg7 56. Kc4 f5 57. Re6 Nf8 58. Rxd6 Nxh7 59. Rd7+
1-0

[Event "Departementale Loire"]
[Site "?"]
[Date "2004.03.28"]
[Round "4"]
[White "Bednar, Emile"]
[Black "Megnot, Philippe"]
[Result "1-0"]
[WhiteElo "1840"]
[BlackElo "1150"]
[PlyCount "57"]

1. e4 d5 2. d4 dxe4 3. c4 c6 4. Nc3 Nf6 5. g3 g6 6. Be3 Bg7 7. Qc2 Bf5 8. Bg2
Qa5 9. Nge2 Nbd7 10. O-O Ng4 11. h3 Nxe3 12. fxe3 Nf6 13. g4 Be6 14. g5 Nh5 15.
Nxe4 Bf5 16. Rxf5 gxf5 17. Nc5 e6 18. Nxb7 Qc7 19. Qa4 O-O 20. Nc5 Ng3 21. Qc2
h6 22. g6 fxg6 23. Nxe6 Nxe2+ 24. Qxe2 Qd7 25. d5 cxd5 26. Bxd5 Kh7 27. Rd1
Rad8 28. Nxf8+ Rxf8 29. Bg8+ 1-0

[Event "Departementale Loire"]
[Site "?"]
[Date "2004.03.28"]
[Round "4"]
[White "Marazian, Antoine"]
[Black "Dequidt, Adrien"]
[Result "0-1"]
[WhiteElo "1860"]
[BlackElo "1920"]
[PlyCount "70"]

1. e4 e5 2. Bc4 d6 3. Ne2 Nf6 4. d3 c6 5. a3 d5 6. exd5 cxd5 7. Ba2 Nc6 8. O-O
Bg4 9. f3 Qb6+ 10. Kh1 Be6 11. Nbc3 Be7 12. Bg5 Rd8 13. b4 O-O 14. Rb1 Nh5 15.
Bxe7 Nxe7 16. Qc1 f5 17. Na4 Qc6 18. Nc5 Bf7 19. Rb2 b6 20. Nb3 d4 21. c4 dxc3
22. Rc2 Rxd3 23. Rxc3 Rxc3 24. Qxc3 Qxc3 25. Nxc3 Rc8 26. Rc1 Nf4 27. g3 Nd3
28. Rc2 Ne1 29. Rc1 Nxf3 30. Rd1 g5 31. Nb5 Rc2 32. Nd2 Nxd2 33. Bxf7+ Kxf7 34.
Kg2 Nd5 35. Kf2 Nf3+ 0-1

[Event "Departementale Loire"]
[Site "?"]
[Date "2004.03.28"]
[Round "4"]
[White "Rogues, Jean-Luc"]
[Black "Bournez, Gerard"]
[Result "1-0"]
[WhiteElo "1500"]
[BlackElo "1400"]
[PlyCount "99"]

1. d4 Nf6 2. c4 d5 3. Nc3 e6 4. e3 c6 5. Bd3 Bd7 6. Nge2 c5 7. O-O cxd4 8. exd4
dxc4 9. Bxc4 Be7 10. Be3 O-O 11. Qb3 Bc6 12. Rad1 Nd5 13. Bxd5 exd5 14. Nf4 Na6
15. Ncxd5 Bd6 16. g3 Bxf4 17. Nxf4 Qe7 18. d5 Bd7 19. Qxb7 Nc5 20. Bxc5 Qxc5
21. Qxd7 Qc2 22. Qc6 Qe4 23. Rfe1 Qf5 24. d6 Rad8 25. d7 Qa5 26. Re8 Qb6 27.
Rxf8+ Kxf8 28. Qc8 Qa5 29. a3 g6 30. Qc6 Qb6 31. Qxb6 axb6 32. Rd4 Ke7 33. Nd5+
Ke6 34. Nxb6 Ke5 35. Rd5+ Ke6 36. b4 f6 37. a4 Ke7 38. a5 Rb8 39. d8=Q+ Rxd8
40. Rxd8 Kxd8 41. b5 Kc7 42. Nd5+ Kb7 43. Nxf6 h6 44. f4 h5 45. Kf2 Kc7 46. Ke3
Kb7 47. Ke4 Kc7 48. Ke5 Kb7 49. Ne4 Ka7 50. Kf6 1-0

[Event "Departementale Loire"]
[Site "?"]
[Date "2004.03.28"]
[Round "4"]
[White "Rivolier, Jean-Loic"]
[Black "Bruyas, Benjamin"]
[Result "1-0"]
[WhiteElo "1370"]
[BlackElo "1310"]
[PlyCount "23"]

1. e4 e6 2. Nf3 c5 3. d4 cxd4 4. Qxd4 Nc6 5. Qe3 b6 6. Bb5 Bb7 7. O-O Bc5 8.
Qc3 Nge7 9. Qxg7 Ng6 10. Bxc6 Bxc6 11. Ne5 Bf8 12. Qxf7# 1-0

[Event "Departementale Loire"]
[Site "?"]
[Date "2004.03.28"]
[Round "4"]
[White "Geraci, Georges"]
[Black "Thevenet, Olivier"]
[Result "1-0"]
[WhiteElo "1499"]
[BlackElo "1499"]
[PlyCount "31"]

1. e4 c5 2. Nf3 d6 3. Bc4 h6 4. Nc3 e5 5. d3 Nf6 6. Bd2 a6 7. h3 b5 8. Bxf7+
Kxf7 9. Qe2 Be7 10. O-O-O Bb7 11. Nh4 Nxe4 12. Qf3+ Nf6 13. Qf5 Kg8 14. Ng6 Rh7
15. Rhg1 Nbd7 16. Qe6# 1-0

[Event "Departementale Loire"]
[Site "?"]
[Date "2004.03.28"]
[Round "4"]
[White "Deville, Olivier"]
[Black "Giroux, Sylvain"]
[Result "1-0"]
[WhiteElo "2040"]
[BlackElo "1399"]
[PlyCount "67"]

1. Nf3 d5 2. d4 Nf6 3. c4 c6 4. Qc2 dxc4 5. Qxc4 Be6 6. Qc2 g6 7. Bf4 Bg7 8. e3
Bf5 9. Qb3 b6 10. Bc4 e6 11. h3 Bxb1 12. Rxb1 O-O 13. Ne5 c5 14. Rd1 Qe7 15.
dxc5 Qxc5 16. O-O Nc6 17. Nxc6 Qxc6 18. Rd6 Qc5 19. Rd3 a6 20. Bd6 Qc8 21. Bxf8
b5 22. Bxb5 Rb8 23. Qd1 Rxb5 24. Rd8 Qc7 25. Be7+ Bf8 26. Bxf8 Qc6 27. Bh6+ Ne8
28. Qc1 Rd5 29. Qxc6 Rxd8 30. Rc1 a5 31. Qc8 Rxc8 32. Rxc8 f5 33. Rxe8+ Kf7 34.
Ra8 1-0

[Event "Departementale Loire"]
[Site "?"]
[Date "2004.03.28"]
[Round "4"]
[White "Paratcha, Yohan"]
[Black "Chabas, Jean-Luc"]
[Result "0-1"]
[WhiteElo "1300"]
[BlackElo "1580"]
[PlyCount "64"]

1. e4 c6 2. d4 d5 3. exd5 cxd5 4. Nc3 Bf5 5. Bb5+ Nc6 6. Nf3 h6 7. Bf4 Nf6 8.
O-O e6 9. Re1 Be7 10. Ne5 Rc8 11. Re3 a6 12. Bxc6+ bxc6 13. a3 c5 14. dxc5 Bxc5
15. Rg3 Kf8 16. b4 Ba7 17. a4 d4 18. Ne2 Bxc2 19. Qd2 Ne4 20. Qe1 Nxg3 21. Nxg3
d3 22. Qd2 Bd4 23. Re1 Bc3 24. Qc1 Bxe1 25. Qxe1 Bxa4 26. Ne4 f6 27. b5 fxe5
28. Qb4+ Kf7 29. Qxa4 axb5 30. Qxb5 exf4 31. Qh5+ g6 32. Qf3 Rc1+ 0-1

[Event "Departementale Loire"]
[Site "?"]
[Date "2004.03.28"]
[Round "4"]
[White "Janisset, Franck"]
[Black "Carrot, Axel"]
[Result "0-1"]
[WhiteElo "1099"]
[BlackElo "1350"]
[PlyCount "70"]

1. e4 e5 2. Nc3 Bb4 3. Qf3 Nf6 4. d3 Bxc3+ 5. Bd2 Bxb2 6. Rb1 Bd4 7. Be3 Bxe3
8. Qxe3 d6 9. d4 exd4 10. Qxd4 Qe7 11. Bb5+ c6 12. Ba4 Qxe4+ 13. Qxe4+ Nxe4 14.
f3 Nc3 15. Rb4 Nxa4 16. Rxa4 O-O 17. Ne2 Re8 18. Ra3 Bf5 19. c3 Bd3 20. Rb3
Rxe2+ 21. Kd1 Rxg2 22. Rb2 Rxb2 23. Kc1 Rxa2 24. Re1 Ra1+ 25. Kd2 Rxe1 26. Kxe1
Nd7 27. Kd2 Bg6 28. Ke3 Re8+ 29. Kd2 a5 30. f4 a4 31. Kc1 Re2 32. Kd1 Rxh2 33.
c4 a3 34. Kc1 a2 35. Kd1 a1=Q# 0-1

[Event "Departementale Loire"]
[Site "?"]
[Date "2004.03.28"]
[Round "4"]
[White "Gidrol, Thibault"]
[Black "Goudet, Maxence"]
[Result "1-0"]
[WhiteElo "1440"]
[BlackElo "1090"]
[PlyCount "117"]

1. e4 e5 2. Nf3 Nc6 3. Nc3 Nf6 4. d4 Bd6 5. Be3 exd4 6. Nxd4 Nxd4 7. Bxd4 Bb4
8. Qd2 d5 9. exd5 Qe7+ 10. Be2 O-O 11. a3 Bxc3 12. Bxc3 b6 13. O-O Bb7 14. Bf3
Rad8 15. Bb4 c5 16. Bc3 Bxd5 17. Bxd5 Rxd5 18. Bxf6 Rxd2 19. Bxe7 Re8 20. Rfe1
Rxc2 21. Bxc5 Rxe1+ 22. Rxe1 h6 23. Be3 Rxb2 24. Bd4 Ra2 25. h3 Rxa3 26. Bb2
Rb3 27. Be5 f6 28. Bb8 a6 29. Re6 Kf7 30. Rc6 a5 31. Bc7 a4 32. Bxb6 Rb1+ 33.
Kh2 a3 34. Bd4 a2 35. Ra6 Rd1 36. Bb2 Rd2 37. Rxa2 Ke6 38. g4 Rxf2+ 39. Kg3 Rc2
40. Kf3 Kd5 41. Ra5+ Ke6 42. Bd4 Kf7 43. Kg3 Rd2 44. Bc5 Rc2 45. Kh4 Kg6 46.
Kg3 Rc3+ 47. Kg2 Kg5 48. Bd4+ Kg6 49. Bxc3 Kh7 50. h4 Kg6 51. Bd2 Kh7 52. g5
hxg5 53. hxg5 fxg5 54. Bxg5 Kg6 55. Kf3 Kh5 56. Kf4 g6 57. Bf6+ Kh6 58. Ra7 Kh5
59. Rh7# 1-0

[Event "Departementale Loire"]
[Site "?"]
[Date "2004.05.02"]
[Round "5"]
[White "Celette, Robert"]
[Black "Simon, Joel"]
[Result "1-0"]
[WhiteElo "2080"]
[BlackElo "1620"]
[PlyCount "69"]

1. e4 d6 2. d4 Nf6 3. Nc3 g6 4. h3 Bg7 5. Nf3 O-O 6. Be2 c6 7. a4 Nbd7 8. O-O
c5 9. e5 Ne8 10. exd6 exd6 11. Bg5 Nef6 12. Qd2 Qb6 13. a5 Qd8 14. Bc4 b6 15.
a6 Nb8 16. Bd5 Bxa6 17. Bxa8 Bxf1 18. Rxf1 Qd7 19. dxc5 bxc5 20. Bd5 Na6 21.
Rd1 Nb4 22. Bc4 Rd8 23. Bxf6 Bxf6 24. Ne4 Be7 25. Nxc5 Qc6 26. Qxb4 d5 27. Qb5
Qxc5 28. Qxc5 Bxc5 29. Bxd5 Kg7 30. c3 a5 31. Ne5 f6 32. Nc4 a4 33. Bf3 Re8 34.
Nd6 Rd8 35. Nb7 1-0

[Event "Departementale Loire"]
[Site "?"]
[Date "2004.05.02"]
[Round "5"]
[White "Hyka, Astrit"]
[Black "Testard, Philippe"]
[Result "0-1"]
[WhiteElo "1499"]
[BlackElo "2020"]
[PlyCount "26"]

1. b3 Nf6 2. Bb2 c5 3. d4 cxd4 4. Nf3 e5 5. Nbd2 Nc6 6. Nc4 Bb4+ 7. Nfd2 d5 8.
a3 Bc3 9. Nxe5 Bxb2 10. Ra2 Bc3 11. Nd3 Ne4 12. e3 dxe3 13. fxe3 Bxd2+ 0-1

[Event "Departementale Loire"]
[Site "?"]
[Date "2004.05.02"]
[Round "5"]
[White "Boblin, Laurent"]
[Black "Pareux, Marc"]
[Result "1-0"]
[WhiteElo "1990"]
[BlackElo "1540"]
[PlyCount "79"]

1. e4 g6 2. d4 Bg7 3. Be3 c6 4. c3 d5 5. e5 h5 6. Bd3 Nh6 7. Ne2 Bf5 8. Bxh6
Bxh6 9. Bxf5 gxf5 10. Ng3 e6 11. Nxh5 Nd7 12. g3 Qb6 13. b3 c5 14. Nf4 cxd4 15.
cxd4 Bf8 16. a3 Rc8 17. Ne2 Nb8 18. Nbc3 Nc6 19. Na4 Qd8 20. b4 Bg7 21. Nc5 b5
22. Nb7 Qb6 23. Nd6+ Kd7 24. Nxc8 Kxc8 25. Rc1 Kd7 26. Qd3 a6 27. Qc3 Bf8 28.
Kf1 Be7 29. Kg2 a5 30. bxa5 Nxa5 31. Rb1 Nc4 32. Rb3 Qb7 33. Rhb1 b4 34. axb4
Nxe5 35. dxe5 d4+ 36. Qf3 Qb6 37. Nxd4 Bg5 38. b5 f4 39. Qc6+ Qxc6+ 40. bxc6+
1-0

[Event "Departementale Loire"]
[Site "?"]
[Date "2004.05.02"]
[Round "5"]
[White "Vaughan, Luiz"]
[Black "Aumont, Georges"]
[Result "1/2-1/2"]
[WhiteElo "1499"]
[BlackElo "1860"]
[PlyCount "70"]

1. d4 Nf6 2. c4 g6 3. e3 Bg7 4. Nf3 d5 5. Nc3 c6 6. b4 O-O 7. Ba3 Re8 8. Rb1
Bf5 9. Rb3 dxc4 10. Bxc4 b5 11. Bd3 Be6 12. Rb1 Nd5 13. Nxd5 Bxd5 14. Qc2 e5
15. e4 exd4 16. O-O Be6 17. Bc1 a5 18. Ng5 axb4 19. Nxe6 Rxe6 20. Rxb4 Na6 21.
Rb1 Qd6 22. Bd2 Qc5 23. Qd1 Qa3 24. Qc2 Nc5 25. Bb4 Qxd3 26. Qxc5 Bf8 27. Qg5
Bxb4 28. Rxb4 Qxe4 29. Rd1 Re5 30. Qd2 Rxa2 31. Qc1 Rc2 32. Qa1 Qe2 33. Rf1 c5
34. Rb3 c4 35. Rf3 d3 1/2-1/2

[Event "Departementale Loire"]
[Site "?"]
[Date "2004.05.02"]
[Round "5"]
[White "Bellon, Yves"]
[Black "Adamus, Jeremy"]
[Result "1-0"]
[WhiteElo "1880"]
[BlackElo "1910"]
[PlyCount "76"]

1. c4 e5 2. Nc3 Nf6 3. Nf3 d6 4. e4 Nc6 5. g3 Bg4 6. Bg2 Be7 7. h3 Bh5 8. d3
O-O 9. Be3 Re8 10. g4 Bg6 11. Nh4 Nd7 12. Nf5 Nf8 13. Qd2 Ne6 14. O-O-O Bg5 15.
h4 Bxe3 16. fxe3 h6 17. Nd5 a5 18. Rdf1 Nb8 19. Bf3 c6 20. Nc3 Na6 21. Rh2 Rc8
22. Rg1 b5 23. Rhg2 b4 24. Na4 Nac5 25. Nxc5 dxc5 26. Qe2 Rc7 27. g5 hxg5 28.
hxg5 Rd7 29. Kc2 a4 30. b3 axb3+ 31. axb3 Qa5 32. Rb1 Red8 33. Bg4 Rxd3 34.
Ne7+ Kf8 35. Nxg6+ fxg6 36. Qf1+ Ke7 37. Ra1 Rc3+ 38. Kb2 Qc7 1-0

[Event "Departementale Loire"]
[Site "?"]
[Date "2004.05.02"]
[Round "5"]
[White "Petit, Didier"]
[Black "Garon, Pierre"]
[Result "1-0"]
[WhiteElo "2000"]
[BlackElo "2009"]
[PlyCount "59"]

1. d4 d5 2. Nf3 Nf6 3. Bf4 e6 4. Nbd2 Be7 5. e3 O-O 6. Bd3 c5 7. O-O c4 8. Be2
Nc6 9. c3 b5 10. Ne5 Qb6 11. Qc2 Nxe5 12. Bxe5 Bb7 13. Bf3 Rfc8 14. Bxf6 Bxf6
15. e4 dxe4 16. Nxe4 Be7 17. Qe2 a5 18. Rfb1 Bd5 19. h3 b4 20. a3 Qc6 21. Nd2
Kf8 22. axb4 axb4 23. Bxd5 exd5 24. Nf3 Bd6 25. Qc2 g6 26. Qd2 Kg7 27. h4 Qc7
28. Qg5 Bf4 29. Qxd5 b3 30. Rxa8 1-0

[Event "Departementale Loire"]
[Site "?"]
[Date "2004.05.02"]
[Round "5"]
[White "Mujic, Saban"]
[Black "Clement, Paul"]
[Result "0-1"]
[WhiteElo "1940"]
[BlackElo "1900"]
[PlyCount "76"]

1. Nf3 Nf6 2. d4 g6 3. c4 Bg7 4. Nc3 d6 5. e4 O-O 6. Bd3 e5 7. d5 h6 8. O-O
Nbd7 9. Bd2 Nc5 10. Qe2 a5 11. a4 Nh5 12. Bc2 Nf4 13. Bxf4 exf4 14. Qd2 g5 15.
Rfe1 Nd7 16. Rad1 Ne5 17. Nxe5 Bxe5 18. f3 Bd7 19. b3 Qf6 20. Ne2 b6 21. Nd4
Kg7 22. Rf1 Rfe8 23. Nf5+ Bxf5 24. exf5 Bc3 25. Qf2 Re3 26. Be4 Bd4 27. Rxd4
Qxd4 28. Rb1 Re8 29. h3 R8xe4 30. fxe4 Qxe4 31. Qb2+ f6 32. Qc1 Re2 33. Qf1
Rxg2+ 34. Qxg2 Qxb1+ 35. Kh2 Qxf5 36. Qe2 Qe5 37. Qg4 f5 38. Qh5 f3+ 0-1

[Event "Departementale Loire"]
[Site "?"]
[Date "2004.05.02"]
[Round "5"]
[White "Bazoux, Sebastien"]
[Black "Bednar, Emile"]
[Result "0-1"]
[WhiteElo "1500"]
[BlackElo "1840"]
[PlyCount "58"]

1. c4 Nf6 2. Nf3 g6 3. g3 Bg7 4. Bg2 O-O 5. O-O d6 6. Nc3 Be6 7. d3 Qc8 8. Ng5
Bd7 9. Re1 h6 10. Nge4 Nxe4 11. Nxe4 f5 12. Nc3 e6 13. Qb3 Bc6 14. Qd1 Bxg2 15.
Kxg2 Nc6 16. e3 Ne5 17. Qe2 c5 18. f4 Qc6+ 19. Kf2 Ng4+ 20. Kg1 Rae8 21. h3 Nf6
22. Qg2 Qd7 23. Bd2 d5 24. Qf2 Rd8 25. Rad1 Qc6 26. Ne2 dxc4 27. dxc4 Ne4 28.
Qg2 Nxd2 29. b3 Nf3+ 0-1

[Event "Departementale Loire"]
[Site "?"]
[Date "2004.05.02"]
[Round "5"]
[White "Farge, Damien"]
[Black "Deville, Olivier"]
[Result "0-1"]
[WhiteElo "1600"]
[BlackElo "2040"]
[PlyCount "24"]

1. e4 c5 2. Nf3 e6 3. d4 cxd4 4. Nxd4 Nc6 5. Nc3 Qc7 6. Be3 a6 7. Bc4 Bb4 8.
Qd3 Ne5 9. Qe2 Nxc4 10. Qd3 Nxb2 11. Qe2 Bxc3+ 12. Kf1 Qc4 0-1

[Event "Departementale Loire"]
[Site "?"]
[Date "2004.05.02"]
[Round "5"]
[White "Chabas, Jean-Luc"]
[Black "Rogues, Jean-Luc"]
[Result "1/2-1/2"]
[WhiteElo "1580"]
[BlackElo "1500"]
[PlyCount "49"]

1. e4 e5 2. Nf3 Nc6 3. Bb5 Bc5 4. O-O Nge7 5. c3 a6 6. Ba4 b5 7. Bc2 d5 8. d3
O-O 9. h3 d4 10. Bg5 f6 11. Bc1 Be6 12. Nbd2 Qd7 13. Nb3 Bb6 14. Re1 a5 15.
Nbd2 Ng6 16. Nf1 f5 17. exf5 Bxf5 18. Ng3 Be6 19. Bb3 Bd5 20. Bxd5+ Qxd5 21.
Qb3 Qxb3 22. axb3 a4 23. b4 Rae8 24. Ne4 Nf4 25. Bxf4 1/2-1/2

[Event "Departementale Loire"]
[Site "?"]
[Date "2004.05.02"]
[Round "5"]
[White "Geraci, Georges"]
[Black "Barthelemy, Jerome"]
[Result "0-1"]
[WhiteElo "1499"]
[BlackElo "1510"]
[PlyCount "68"]

1. e4 c5 2. d4 cxd4 3. c3 dxc3 4. Nxc3 Nc6 5. Bc4 e6 6. Nf3 d6 7. Qe2 Nf6 8.
Bg5 Be7 9. O-O O-O 10. Rfe1 h6 11. Bxf6 Bxf6 12. a3 a6 13. Rad1 Qc7 14. Bd3 b5
15. Bc2 Bb7 16. Qd3 e5 17. Nd5 Qd8 18. Ne3 g6 19. Qd2 Kg7 20. Ng4 Bg5 21. Qe2
Qe7 22. g3 h5 23. Ne3 h4 24. Nd5 Qd8 25. gxh4 Bxh4 26. Nxh4 Qxh4 27. Qf3 Nd4
28. Qf6+ Qxf6 29. Nxf6 Kxf6 30. Re3 Nxc2 31. Rxd6+ Ke7 32. Red3 Rfd8 33. f3
Rxd6 34. Rxd6 Kxd6 0-1